000 00543nam a2200217Ia 4500
008 101110s9999 xx 000 0 und d
041 _aENGLISH
082 _bSR28511
100 _aMisra S.K. & Puri V.K.
245 _aBusiness economics SYBCom
260 _c2006
_bHimalaya Publication house, Mumbai
300 _a342
365 _b120
520 _aEconomics
546 _aENGLISH
630 _aBusiness economics SYBCom
650 _aEconomics
655 _aEconomics
730 _aBusiness economics SYBCom
942 _cBOOK
999 _c821044
_d821041